Balkan Cities Map Quiz #2 - Statistics

General Stats
  • This quiz has been taken 41 times
  • The average score is 16 of 20
Answers on the Map
Answers color-coded by a green-red scale on the quiz's map according to % correct below.
 
Answer Stats
Answer % Correct
Athens
97%
Ljubljana
94%
Sarajevo
94%
Istanbul
91%
Podgorica
91%
Skopje
91%
Sofia
91%
Zagreb
91%
Bucharest
88%
Tirana
88%
Belgrade
85%
Pristina
85%
Thessaloniki
85%
Novi Sad
76%
Cluj-Napoca
74%
Varna
74%
Constanța
65%
Iași
65%
Plovdiv
59%
Timișoara
56%
No matching quizzes found
Score Distribution
Percent of People with Each Score
Percentile by Number Answered
Your Score History
You have not taken this quiz